000 00719nam a2200265Ia 4500
003 OSt
005 20221006142743.0
006 a|||||r|||| 00| 0
007 ta
008 221006b |||||||| |||| 00| 0 eng d
020 _c¥2000
024 _a7,100
037 _bGift, Japan Foundation
_cTextual
040 _aEASL
_cEASL
_beng
041 _2eng
_aeng
082 _aT.42.N93, N4
100 _aOKAMOTO K
_9648366
245 0 _aLifelong learning movement in Japan
_b trategy practices and challenges
260 _aTokyo
_c1994
300 _a57p.
_ccm.
490 _v JEL
650 _aJEL
942 _hT.42.N93, N4
_cTEXL
_2CC
999 _c1075186
_d1075186